Xây dựng mô hình ba chiều và bản vẽ kỹ thuật bằng Inventor /

محفوظ في:
التفاصيل البيبلوغرافية
المؤلف الرئيسي: Phan Đình Huấn
التنسيق: كتاب
اللغة:Vietnamese
منشور في: Khoa học và kỹ thuật 2002
الوسوم: إضافة وسم
لا توجد وسوم, كن أول من يضع وسما على هذه التسجيلة!
Thư viện lưu trữ: Mạng thư viện Đại học Đà Nẵng
LEADER 00717nam a2200265 4500
001 000027554
003 INVENTOR
005 20150403120000.0
008 150403s vm 000 vie
020 |c 0,0000 
040 |a notts 
100 |a Phan Đình Huấn 
245 |a Xây dựng mô hình ba chiều và bản vẽ kỹ thuật bằng Inventor /  |c Phan Đình Huấn (chủ biên), Tôn Thất Tài. 
260 |b Khoa học và kỹ thuật  |c 2002 
OWN |a LTT 
999 |a From the UDN01 
TYP |a Monograph 
TYP |a Printed language 
980 |a Mạng thư viện Đại học Đà Nẵng